01561 2200637 4500001002100000005001500021035002000036007000300056008004100059020002200100082000800122084001900130100002200149245008800171260002400259990001600283990001600299990001600315990001600331990001600347990001600363990001600379990001600395990001600411990001600427990001600443990001600459990001600475990001600491990001600507990001600523990001600539990001600555990001600571990001600587990001600603990001600619990001600635990001600651990001600667990001600683990001600699990001600715990001600731990001600747990001600763990001600779990001600795990001600811990001600827990001600843990001600859990001600875990001600891990001600907INLIS00000000000011220210412120550 a0010-0421000112ta210412 g 0 ind  a978-602-298-941-7 a330 a330 RUD e.c.200 aAlam dan Rudianto1 aEKONOMI untuk SMA/MA Kelas X (Kurikulum 2013 yang disempurnakan) kelompok Peminatan aJakarta :bErlangga a00000002315 a00000002316 a00000002317 a00000002318 a00000002319 a00000002320 a00000002321 a00000002322 a00000002323 a00000002324 a00000002325 a00000002326 a00000002327 a00000002328 a00000002329 a00000002330 a00000002331 a00000002332 a00000002333 a00000002334 a2017/p/0299 a2017/p/0300 a2017/p/0301 a2017/p/0302 a2017/p/0303 a2017/p/0304 a2017/p/0305 a2017/p/0306 a2017/p/0307 a2017/p/0308 a2017/p/0309 a2017/p/0310 a2017/p/0311 a2017/p/0312 a2017/p/0313 a2017/p/0314 a2017/p/0315 a2017/p/0316 a2017/p/0317 a2017/p/0318